| 000 | 00755nam a2200241Ia 4500 | ||
|---|---|---|---|
| 003 | OSt | ||
| 005 | 20220925192449.0 | ||
| 006 | a|||||r|||| 00| 0 | ||
| 007 | ta | ||
| 008 | 220923b |||||||| |||| 00| 0 eng d | ||
| 020 |
_a0520066294 _c650.30999999999995 |
||
| 037 |
_bDU0115, 27/03/2008, INDEPENDENT PUBLISHERS GROUP _cGeneral Book |
||
| 040 |
_aRTL _cRTL _beng |
||
| 041 |
_2eng _aeng |
||
| 082 | _aY:3(P), M6 | ||
| 100 |
_aBarthes Roland _915728 |
||
| 245 | 0 | _aRustle of language | |
| 260 |
_aBurkely _bUniversity of California Press _c1986 |
||
| 300 |
_aix, 373p _ccm. |
||
| 650 | _aSociology | ||
| 942 |
_hY:3(P), M6 _cGB _2CC |
||
| 999 |
_c522266 _d522266 |
||